Загрузка...

Fundamental statistics for the social and behavioral sciences/

Библиографические подробности
Главный автор: Tokunaga,Howard T.
Формат: Printed Book
Опубликовано: London: Sage, 2016.
Предметы:
LEADER 00476 a2200121 4500
020 |a 9781483318790 
100 |a Tokunaga,Howard T. 
245 |a Fundamental statistics for the social and behavioral sciences/ 
260 |a London:  |b Sage,  |c 2016. 
300 |3 720p+. 
650 |a Statistics 
999 |c 187030  |d 187030 
952 |0 0  |1 0  |2 ddc  |4 0  |6 519_500000000000000_TOK_F  |7 0  |9 206323  |a EDU  |b EDU  |c GEN  |d 2016-03-31  |e By purchase  |g 0.00  |i 7049  |l 3  |o 519.5 TOK/F  |p EDU7049  |r 2018-03-07  |s 2018-01-16  |t 1  |w 2016-03-31  |y BK